00625nam a2200193 a 450000500170000000800410001701000140005802000100007203500130008203700150009504000180011008200130012810000200014111000380016124500900019926000400028927000790032930000230040819890424000000.0811124s1979 ii b s000 0 eng  aENG-92950 c60.00 aEN-76483 bDBAD / PUB adplbEnglish  a530.2462 aTheyvaraju, D.  aMaharashtra State Law Commission. aPolytechnic engineering physics:cby D. Theyvaraju b(for basic engineering course) / aMadurai bRadha Publications c2008 a4/167, Mullai Street, Kurinji Nagar, Reserve Line Post, bMadurai e625014 a108p. c20cm (pbk)